The essentials of stamp collecting, (Record no. 3536)

000 -LEADER
fixed length control field 00297cam a2200097u 4500
008 - FIXED-LENGTH DATA ELEMENTS--GENERAL INFORMATION
fixed length control field 820607s1934 ksua 000 0 eng
100 1# - MAIN ENTRY--AUTHOR'S NAME
Author's Name Burns, Al. [from old catalog]
245 14 - TITLE STATEMENT
Title The essentials of stamp collecting,
260 ## - PUBLICATION, DISTRIBUTION, ETC. (IMPRINT)
Place of publication, distribution, etc. Holton, Kan.,
Name of publisher, distributor, etc. The Gossip printery,
Date of publication, distribution, etc. 1934.
650 #0 - TOPICAL TERM (Tag)
Topical term or geographic name Stamp collecting.
Holdings
Withdrawn status Lost status Source of classification or shelving scheme Damaged status Koha normalized classification for sorting Not for loan Permanent Location Current Location Shelving location Date acquired Full call number Barcode Date last seen Price effective from Koha item type Total Checkouts
        V3201 C697 B9671   Northern Philatelic Library Northern Philatelic Library Vertical File 06/15/2023 V3201 C697 B9671 1006045 06/15/2023 06/15/2023 Books  
        V3201 C697 B9671   Northern Philatelic Library Northern Philatelic Library Vertical File 08/21/2025 V3201 C697 B9671 1006155 08/21/2025 08/21/2025 Books  

Powered by Koha